Datum a čas kvízu
19.5
Celkem bodů
Celkový počet nahraných bodů na tomto kvízu bez doplňovacích otázek.
7.
Pořadí na kvízu
Konečné umístění týmu na tomto kvízu.
Zaznamenané odpovědi
| # | Otázka | Odpověď | Body | Výsledky |
|---|---|---|---|---|
| 1. | Která česká politická strana p... | ODS | 1 | |
| 2. | Několika desítkám jedinců jist... | o lachtanech | 1 | |
| 3. | Jak se jmenuje devatenáctiletá... | Olivia Rodrigo | 1 | |
| 4. | Europoslanci vyslyšeli volání... | množství vypuštěných emisí | 1 | |
| 5. | V pražské O<sub>2</sub> Areně... | z Mladé Boleslavi | 1 | |
| 6. | Jak se jmenuje tento bývalý br... | Sasu Hovi, Finsko | 0 | |
| 7. | Gólman je klíčovou součástí i... | B) Irsko | 0 | |
| 8. | Napište jméno jednoho z nejlep... | Martin Galia | 0 | |
| 9. | Český reprezentační florbalový... | Lukáš Bauer | 0 | |
| 10. | Za který národní tým chytá fot... | za Slovinsko | 0 |